<?xml version="1.0" encoding="UTF-8"?>
<record
    xmlns:xsi="http://www.w3.org/2001/XMLSchema-instance"
    xsi:schemaLocation="http://www.loc.gov/MARC21/slim http://www.loc.gov/standards/marcxml/schema/MARC21slim.xsd"
    xmlns="http://www.loc.gov/MARC21/slim">

  <leader>00697nam a2200169Ia 4500</leader>
  <controlfield tag="008">100122s9999    xx            000 0 und d</controlfield>
  <datafield tag="082" ind1=" " ind2=" ">
    <subfield code="b">76796</subfield>
    <subfield code="a">B823</subfield>
  </datafield>
  <datafield tag="100" ind1=" " ind2=" ">
    <subfield code="a">&#x92E;&#x939;&#x93E;&#x91C;&#x928; &#x91C;&#x917;&#x928;&#x94D;&#x928;&#x93E;&#x925; &#x92D;.</subfield>
  </datafield>
  <datafield tag="245" ind1=" " ind2=" ">
    <subfield code="a">&#x91C;&#x93E;&#x926;&#x942;&#x91A;&#x947; &#x915;&#x92C;&#x941;&#x924;&#x930;/ &#x91C;&#x93E;&#x926;&#x942;&#x91A;&#x93E; &#x915;&#x930;&#x902;&#x921;&#x93E;/ &#x91C;&#x93E;&#x926;&#x942;&#x91A;&#x940; &#x916;&#x941;&#x930;&#x94D;&#x91A;&#x940;</subfield>
  </datafield>
  <datafield tag="250" ind1=" " ind2=" ">
    <subfield code="a">1</subfield>
  </datafield>
  <datafield tag="260" ind1=" " ind2=" ">
    <subfield code="c">2000</subfield>
  </datafield>
  <datafield tag="300" ind1=" " ind2=" ">
    <subfield code="a">96</subfield>
  </datafield>
  <datafield tag="630" ind1=" " ind2=" ">
    <subfield code="a">&#x91C;&#x93E;&#x926;&#x942;&#x91A;&#x947; &#x915;&#x92C;&#x941;&#x924;&#x930;/ &#x91C;&#x93E;&#x926;&#x942;&#x91A;&#x93E; &#x915;&#x930;&#x902;&#x921;&#x93E;/ &#x91C;&#x93E;&#x926;&#x942;&#x91A;&#x940; &#x916;&#x941;&#x930;&#x94D;&#x91A;&#x940;</subfield>
  </datafield>
  <datafield tag="700" ind1=" " ind2=" ">
    <subfield code="a">&#x928;&#x935;&#x930;&#x947; &#x936;&#x902; &#x928;&#x93E;</subfield>
  </datafield>
  <datafield tag="730" ind1=" " ind2=" ">
    <subfield code="a">&#x91C;&#x93E;&#x926;&#x942;&#x91A;&#x947; &#x915;&#x92C;&#x941;&#x924;&#x930;/ &#x91C;&#x93E;&#x926;&#x942;&#x91A;&#x93E; &#x915;&#x930;&#x902;&#x921;&#x93E;/ &#x91C;&#x93E;&#x926;&#x942;&#x91A;&#x940; &#x916;&#x941;&#x930;&#x94D;&#x91A;&#x940;</subfield>
  </datafield>
  <datafield tag="942" ind1=" " ind2=" ">
    <subfield code="c">BOOK</subfield>
  </datafield>
  <datafield tag="999" ind1=" " ind2=" ">
    <subfield code="c">393605</subfield>
    <subfield code="d">393602</subfield>
  </datafield>
  <datafield tag="952" ind1=" " ind2=" ">
    <subfield code="0">0</subfield>
    <subfield code="1">0</subfield>
    <subfield code="4">0</subfield>
    <subfield code="7">0</subfield>
    <subfield code="a">SVPPARLE</subfield>
    <subfield code="b">SVPPARLE</subfield>
    <subfield code="d">2009-08-01</subfield>
    <subfield code="g">30.00</subfield>
    <subfield code="l">0</subfield>
    <subfield code="o">76796</subfield>
    <subfield code="p">SVPPARLE-76796</subfield>
    <subfield code="r">2010-01-25 00:00:00</subfield>
    <subfield code="v">30.00</subfield>
    <subfield code="w">2010-01-25</subfield>
    <subfield code="y">BOOK</subfield>
    <subfield code="z">", , ,"</subfield>
  </datafield>
</record>
